01375cam a2200385 i 45000010009000000050017000090080041000260100017000670150019000840160018001030200030001210200027001510350024001780400056002020420014002580430021002720500022002930820018003151000031003332400028003642450063003922460019004552500019004742640046004933000045005393360026005843360028006103370028006383380027006665000047006935040051007406500029007916500027008207750142008472187630220250328091556.0200824s2020 enka b 001 0 eng d a 2020445176 aGBC0D08152bnb7 a0199077032Uk a9781474317238q(hardback) a1474317235q(hardback) a(OCoLC)on1197738825 aUKMGBbengcUKMGBerdadOCLCOdYDXdOCLCFdNTUdDLC alccopycat ae-uk-enae-uk-wl00aKD1629b.G66 202004a346.4207bMCK1 aMcKendrick, Ewan,eauthor.10aGoode on commercial law10aGoode and McKendrick on commercial law /cEwan McKendrick.30aCommercial law aSixth edition. 1aLondon :bLexisNexis Butterworths,c2020. acl, 1484 pages :billustrations ;c26 cm atextbtxt2rdacontent astill image2rdacontent aunmediatedbn2rdamedia avolumebnc2rdacarrier aPrevious edition: UK: Penguin Books, 2016. aIncludes bibliographical references and index. 0aCommercial lawzEngland. 0aCommercial lawzWales.08iRevision of:aGoode, Royston Miles.tCommercial law.b3rd ed.dLondon ; Dayton, Ohio : LexisNexis, 2004.w(DLC) 2005415996.z040696436X.